[Event "2021 FIDE Online Olympiad"]
[Site "Chess.com"]
[Date "2021.08.28"]
[Round "5.2"]
[White "Abdulla, Murad"]
[Black "Pleasants, Allan J"]
[Result "1-0"]
[WhiteElo "2167"]
[BlackElo "2092"]
[PlyCount "63"]
[EventDate "2021.08.27"]
[EventType "team"]
[EventRounds "9"]
[WhiteTeam "Scotland"]
[BlackTeam "Wales"]
[WhiteTeamCountry "SCO"]
[BlackTeamCountry "WLS"]

1. e4 g6 2. d4 Bg7 3. Nc3 d6 4. g3 Nf6 5. Bg2 O-O 6. Nge2 c6 7. a4 Qc7 8. O-O
Nbd7 9. h3 a6 10. a5 c5 11. Be3 Rb8 12. g4 cxd4 13. Bxd4 h6 14. f4 e5 15. Be3
exf4 16. Nxf4 Ne5 17. Nfd5 Nxd5 18. Nxd5 Qd8 19. Bb6 Qh4 20. Qe1 Qxe1 21. Raxe1
Be6 22. Bc7 Rbc8 23. Ne7+ Kh7 24. Nxc8 Rxc8 25. Bxd6 Rxc2 26. b4 Nc4 27. Bc5
Be5 28. Rc1 Ra2 29. Rf2 Ra3 30. Bf1 Nb2 31. b5 axb5 32. Bxa3 1-0

[Event "2021 FIDE Online Olympiad"]
[Site "Chess.com"]
[Date "2021.08.28"]
[Round "5.3"]
[White "Smith, Olivia"]
[Black "Arakhamia-Grant, Ketevan"]
[Result "0-1"]
[WhiteElo "1957"]
[BlackElo "2282"]
[PlyCount "74"]
[EventDate "2021.08.27"]
[EventType "team"]
[EventRounds "9"]
[WhiteTeam "Wales"]
[BlackTeam "Scotland"]
[WhiteTeamCountry "WLS"]
[BlackTeamCountry "SCO"]

1. e4 c5 2. Nf3 Nc6 3. Bb5 e6 4. O-O Nge7 5. Re1 a6 6. Bf1 d5 7. exd5 Nxd5 8.
d3 Be7 9. Nbd2 O-O 10. a4 b6 11. g3 Bb7 12. Bg2 Qc7 13. Ne4 Rad8 14. h4 h6 15.
Nc3 Nxc3 16. bxc3 Bf6 17. Bd2 Ne7 18. Nh2 Bxg2 19. Kxg2 Nd5 20. Ra3 c4 21. d4
e5 22. Ng4 exd4 23. Qf3 dxc3 24. Nxf6+ Nxf6 25. Bxc3 Nd5 26. Be5 Qc6 27. Kg1
Rfe8 28. Rae3 Re6 29. Re4 Rde8 30. Bb2 Nf6 31. Rxe6 Qxf3 32. Rxe8+ Nxe8 33.
Rxe8+ Kh7 34. Re1 c3 35. Ba3 Qf5 36. Bb4 Qxc2 37. Re3 Qb1+ 0-1

[Event "2021 FIDE Online Olympiad"]
[Site "Chess.com"]
[Date "2021.08.28"]
[Round "5.4"]
[White "Lampard, Alice"]
[Black "Wilson, Julie"]
[Result "1-0"]
[WhiteElo "1763"]
[BlackElo "1826"]
[PlyCount "57"]
[EventDate "2021.08.27"]
[EventType "team"]
[EventRounds "9"]
[WhiteTeam "Scotland"]
[BlackTeam "Wales"]
[WhiteTeamCountry "SCO"]
[BlackTeamCountry "WLS"]

1. d4 e6 2. c4 b6 3. Nc3 Bb7 4. e4 Bb4 5. Qc2 f5 6. exf5 Nf6 7. Bd2 O-O 8.
O-O-O Bxc3 9. Bxc3 Ne4 10. f3 Nxc3 11. Qxc3 exf5 12. d5 d6 13. Ne2 Na6 14. Nd4
Nc5 15. b4 Na4 16. Qc2 Qd7 17. Ne6 Rf6 18. Bd3 g6 19. h4 c6 20. Qxa4 a6 21. Qb3
cxd5 22. Ng5 Rc8 23. Kb1 h6 24. Nh3 dxc4 25. Bxc4+ Kg7 26. Rhe1 b5 27. Be6 Rxe6
28. Qxe6 Qc6 29. Rc1 1-0

[Event "2021 FIDE Online Olympiad"]
[Site "Chess.com"]
[Date "2021.08.28"]
[Round "5.5"]
[White "Fowler, Hugo"]
[Black "Gordon, Frederick"]
[Result "0-1"]
[WhiteElo "1686"]
[BlackElo "1415"]
[PlyCount "70"]
[EventDate "2021.08.27"]
[EventType "team"]
[EventRounds "9"]
[WhiteTeam "Wales"]
[BlackTeam "Scotland"]
[WhiteTeamCountry "WLS"]
[BlackTeamCountry "SCO"]

1. e4 c5 2. c3 d5 3. exd5 Qxd5 4. d4 g6 5. Nf3 Bg7 6. Na3 cxd4 7. Bc4 Qa5 8.
Nxd4 Nf6 9. O-O O-O 10. Re1 Re8 11. Qb3 e6 12. Bf4 a6 13. Bxb8 Rxb8 14. Nc6 Qc7
15. Nxb8 Qxb8 16. Bxa6 Ng4 17. g3 Qa7 18. Rf1 bxa6 19. Qa4 Nf6 20. Rad1 Bd7 21.
Qc2 Bc6 22. Nc4 Bd5 23. Ne3 Ba8 24. Qe2 Ne4 25. Nc4 Ng5 26. Rfe1 Nf3+ 27. Kf1
Nxh2+ 28. Kg1 Qb7 29. f4 Qh1+ 30. Kf2 Qg2+ 31. Ke3 Qxg3+ 32. Kd2 Nf3+ 33. Kc1
Nxe1 34. Rxe1 Qxf4+ 35. Kb1 Rb8 0-1

[Event "2021 FIDE Online Olympiad"]
[Site "Chess.com"]
[Date "2021.08.28"]
[Round "5.6"]
[White "Feng, Jennifer"]
[Black "Fraser, Susanna"]
[Result "1/2-1/2"]
[WhiteElo "1097"]
[BlackElo "1428"]
[PlyCount "108"]
[EventDate "2021.08.27"]
[EventType "team"]
[EventRounds "9"]
[WhiteTeam "Scotland"]
[BlackTeam "Wales"]
[WhiteTeamCountry "SCO"]
[BlackTeamCountry "WLS"]

1. e4 e5 2. Nf3 Nc6 3. Bc4 Bc5 4. d3 h6 5. Nc3 Nf6 6. h3 d6 7. a3 O-O 8. Be3
Bb6 9. O-O Be6 10. Nd5 Na5 11. Ba2 Bxd5 12. exd5 Bxe3 13. fxe3 c6 14. b4 e4 15.
dxe4 Qb6 16. Re1 Nxe4 17. bxa5 Qxa5 18. Bb3 cxd5 19. Qxd5 Qxd5 20. Bxd5 Nc5 21.
e4 Rac8 22. c4 b6 23. e5 Nd3 24. Re4 dxe5 25. Nxe5 Nxe5 26. Rxe5 Rc7 27. Rae1
Rfc8 28. Re7 Kf8 29. R7e4 Rc5 30. Rf1 f6 31. Rfe1 R5c7 32. Kf2 Rd8 33. Kf3 b5
34. R4e3 bxc4 35. Be4 c3 36. Bg6 Rcc8 37. Rc1 a5 38. Rcxc3 Rb8 39. Rcd3 Rdc8
40. Rd1 Ra8 41. Rd5 Rcb8 42. Rd1 Rc8 43. Rde1 Rab8 44. Kg3 Rd8 45. R3e2 Rb3+
46. Kh2 Rbb8 47. Re3 Ra8 48. g4 Rab8 49. Kg3 Rdc8 50. h4 Rd8 51. Kf4 Rd4+ 52.
Kg3 Rdd8 53. Kf4 Rd4+ 54. Kg3 Rdd8 1/2-1/2

[Event "2021 FIDE Online Olympiad"]
[Site "Chess.com"]
[Date "2021.08.29"]
[Round "7.1"]
[White "Tate, Alan"]
[Black "Osunfuyi, Abimbola"]
[Result "1/2-1/2"]
[WhiteElo "2268"]
[BlackElo "2305"]
[PlyCount "162"]
[EventDate "2021.08.27"]
[EventType "team"]
[EventRounds "9"]
[WhiteTeam "Scotland"]
[BlackTeam "Nigeria"]
[WhiteTeamCountry "SCO"]
[BlackTeamCountry "NGR"]

1. e4 c5 2. Nf3 e6 3. d4 cxd4 4. Nxd4 Nf6 5. Nc3 Nc6 6. Ndb5 Bb4 7. a3 Bxc3+ 8.
Nxc3 d5 9. exd5 exd5 10. Bd3 Bg4 11. f3 Be6 12. O-O O-O 13. Bg5 h6 14. Bh4 Qb6+
15. Kh1 Nd7 16. f4 d4 17. Ne4 f5 18. Ng3 Nc5 19. Qh5 Nxd3 20. cxd3 Qb3 21. Rae1
Bd7 22. Qg6 Qf7 23. Qd6 Rae8 24. h3 Rxe1 25. Rxe1 Re8 26. Rxe8+ Qxe8 27. Kh2
Kh7 28. Ne2 Qxe2 29. Qxd7 Qh5 30. Bf6 Qg6 31. Bxd4 h5 32. Bf2 b6 33. Bh4 Na5
34. Qxa7 Qd6 35. Bg5 Kg6 36. Qe7 Qxd3 37. Qe8+ Kh7 38. Qxh5+ Kg8 39. Qe8+ Kh7
40. Qf7 Qe4 41. Qe7 Qd4 42. Qe6 Qd3 43. Qxb6 Nc4 44. Qb5 Qc2 45. a4 Ne3 46. Qb7
Nf1+ 47. Kg1 Ng3 48. Bf6 Qc1+ 49. Kh2 Nf1+ 50. Kg1 Ne3+ 51. Kf2 Qd2+ 52. Kg3
Nf1+ 53. Kh4 Qf2+ 54. Kg5 Qg3+ 55. Kxf5 Qg6+ 56. Ke5 Qxf6+ 57. Ke4 Qe6+ 58. Kd4
Qe3+ 59. Kd5 Qxf4 60. Kc6 Qxa4+ 61. Qb5 Qa8+ 62. Kc5 Qxg2 63. Qd3+ Kh6 64. Qd6+
g6 65. Qf4+ Kh5 66. Qg4+ Qxg4 67. hxg4+ Kg5 68. b4 Ng3 69. Kd4 Kf6 70. b5 Ke7
71. Ke5 Ne2 72. b6 Kd7 73. Kf6 Nf4 74. Kg5 Nd5 75. b7 Kc7 76. Kxg6 Kxb7 77. g5
Kc7 78. Kf5 Kd7 79. g6 Ke7 80. g7 Kf7 81. g8=Q+ Kxg8 1/2-1/2

[Event "2021 FIDE Online Olympiad"]
[Site "Chess.com"]
[Date "2021.08.29"]
[Round "7.2"]
[White "Olape, Bunmi"]
[Black "Abdulla, Murad"]
[Result "1/2-1/2"]
[WhiteElo "2251"]
[BlackElo "2167"]
[PlyCount "104"]
[EventDate "2021.08.27"]
[EventType "team"]
[EventRounds "9"]
[WhiteTeam "Nigeria"]
[BlackTeam "Scotland"]
[WhiteTeamCountry "NGR"]
[BlackTeamCountry "SCO"]

1. e4 c5 2. Nf3 d6 3. d4 cxd4 4. Nxd4 Nf6 5. Nc3 g6 6. Be2 Bg7 7. Be3 O-O 8.
Nb3 Nc6 9. g4 a5 10. g5 Nd7 11. Nd4 a4 12. a3 Nxd4 13. Bxd4 Bxd4 14. Qxd4 Qb6
15. O-O-O Qxd4 16. Rxd4 Ra5 17. h4 Nc5 18. Nd5 Re8 19. Rhd1 Bd7 20. f3 Bc6 21.
Nc3 Ne6 22. Rb4 h6 23. gxh6 Kh7 24. Bc4 Kxh6 25. Bxe6 fxe6 26. Ne2 e5 27. Kd2
d5 28. Ke3 d4+ 29. Kf2 Rf8 30. Kg3 Rb5 31. Rxb5 Bxb5 32. Nc1 Rc8 33. Rd2 Bc4
34. f4 exf4+ 35. Kxf4 Rc5 36. e5 Bb5 37. Na2 Rc8 38. Nb4 Rf8+ 39. Kg3 Rf5 40.
Rxd4 Rxe5 41. Rd5 Rxd5 42. Nxd5 e5 43. Nf6 g5 44. Ng4+ Kh5 45. hxg5 Kxg5 46.
Nxe5 Kf5 47. Nd3 Ke4 48. Nc5+ Ke3 49. Nxb7 Kd2 50. Nd6 Bc6 51. b3 Kxc2 52. bxa4
Bxa4 1/2-1/2

[Event "2021 FIDE Online Olympiad"]
[Site "Chess.com"]
[Date "2021.08.29"]
[Round "7.3"]
[White "Cooke, Suzie G."]
[Black "Samson, Peace"]
[Result "1-0"]
[WhiteElo "1915"]
[BlackElo "1828"]
[PlyCount "81"]
[EventDate "2021.08.27"]
[EventType "team"]
[EventRounds "9"]
[WhiteTeam "Scotland"]
[BlackTeam "Nigeria"]
[WhiteTeamCountry "SCO"]
[BlackTeamCountry "NGR"]

1. d4 g6 2. Bf4 Bg7 3. Nc3 d6 4. e4 Nc6 5. Nge2 e5 6. Be3 Nf6 7. d5 Ne7 8. Ng3
Bd7 9. Be2 O-O 10. h4 h5 11. Qd2 Ng4 12. Bxg4 Bxg4 13. f3 Bd7 14. Bh6 f5 15.
Bxg7 Kxg7 16. Qg5 Kh7 17. O-O-O f4 18. Nge2 Ng8 19. Qxd8 Raxd8 20. Ng1 b5 21.
Nh3 b4 22. Ng5+ Kg7 23. Nb1 Nh6 24. c3 bxc3 25. Nxc3 Nf7 26. Ne6+ Bxe6 27. dxe6
Nh6 28. e7 Kf7 29. exf8=Q+ Rxf8 30. Rd5 Ke7 31. Ra5 Ra8 32. Nb5 a6 33. Kb1 Kd7
34. Rc1 c6 35. Na3 Nf7 36. Nc4 Kc7 37. Ra3 Nd8 38. Na5 Kd7 39. Rb3 c5 40. Nc4
Nc6 41. Nb6+ 1-0

[Event "2021 FIDE Online Olympiad"]
[Site "Chess.com"]
[Date "2021.08.29"]
[Round "7.4"]
[White "Ogbiyoyo, Perpetual Eloho"]
[Black "Lampard, Alice"]
[Result "0-1"]
[WhiteElo "1792"]
[BlackElo "1763"]
[PlyCount "81"]
[EventDate "2021.08.27"]
[EventType "team"]
[EventRounds "9"]
[WhiteTeam "Nigeria"]
[BlackTeam "Scotland"]
[WhiteTeamCountry "NGR"]
[BlackTeamCountry "SCO"]

1. e4 c5 2. Nc3 Nc6 3. f4 g6 4. Nf3 Bg7 5. Bc4 e6 6. O-O Nge7 7. d3 O-O 8. a3
d5 9. Ba2 a6 10. Ne2 b5 11. Ng3 Qb6 12. Be3 Bxb2 13. Rb1 Bg7 14. c4 dxc4 15.
dxc4 Rd8 16. Qe2 Nd4 17. Qf2 Nec6 18. Ng5 h6 19. Nh3 Kh7 20. Kh1 Qc7 21. f5
exf5 22. exf5 Nxf5 23. Bxc5 Nxg3+ 24. hxg3 Bxh3 25. gxh3 Ne5 26. Rbd1 Nd3 27.
Rxd3 Rxd3 28. Kh2 Rad8 29. Bb6 Qd7 30. Bxd8 Rd2 31. Ba5 Rxf2+ 32. Rxf2 bxc4 33.
Bb4 Qc7 34. Rc2 Be5 35. Be1 c3 36. Bb3 h5 37. h4 Qe7 38. Kh3 Qd7+ 39. Kh2 Qg4
40. Kg2 Qe4+ 41. Kh2 0-1

[Event "2021 FIDE Online Olympiad"]
[Site "Chess.com"]
[Date "2021.08.29"]
[Round "7.5"]
[White "Gordon, Frederick"]
[Black "Eyetonghan, Denyefa Callistus"]
[Result "1-0"]
[WhiteElo "1415"]
[BlackElo "2014"]
[PlyCount "103"]
[EventDate "2021.08.27"]
[EventType "team"]
[EventRounds "9"]
[WhiteTeam "Scotland"]
[BlackTeam "Nigeria"]
[WhiteTeamCountry "SCO"]
[BlackTeamCountry "NGR"]

1. e4 c6 2. Nf3 d5 3. Nc3 dxe4 4. Nxe4 Nd7 5. Bc4 Ngf6 6. Neg5 e6 7. Qe2 Nd5 8.
d4 h6 9. Ne4 N7f6 10. O-O Be7 11. c3 O-O 12. Bd3 Re8 13. Nxf6+ Nxf6 14. Bf4 b6
15. Rad1 Bb7 16. Ne5 Qc8 17. Rfe1 c5 18. dxc5 Bxc5 19. Kh1 a6 20. Bb1 b5 21.
Qc2 Re7 22. Ng4 Rd7 23. Nxf6+ gxf6 24. b4 Bb6 25. Qh7+ Kf8 26. Bxh6+ Ke8 27.
Bg6 Bd5 28. Qg8+ Ke7 29. Qxf7+ Kd6 30. Bf4+ Kc6 31. Rxe6+ Kb7 32. Rxd5 Rxf7 33.
Bxf7 Qf8 34. Rd7+ Kc8 35. Rde7 Ra7 36. Re8+ Qxe8 37. Bxe8 Bc7 38. Bxc7 Rxc7 39.
Rc6 Rxc6 40. Bxc6 Kc7 41. Be4 Kb6 42. f4 a5 43. h4 axb4 44. cxb4 Kc7 45. h5 Kd6
46. h6 f5 47. Bxf5 Kd5 48. h7 Kc4 49. h8=Q Kxb4 50. Qd4+ Ka3 51. Qc3+ Ka4 52.
Bc2# 1-0

[Event "2021 FIDE Online Olympiad"]
[Site "Chess.com"]
[Date "2021.08.29"]
[Round "7.6"]
[White "Pelomoh, Jessica"]
[Black "Feng, Jennifer"]
[Result "1-0"]
[WhiteElo "1737"]
[BlackElo "1097"]
[PlyCount "99"]
[EventDate "2021.08.27"]
[EventType "team"]
[EventRounds "9"]
[WhiteTeam "Nigeria"]
[BlackTeam "Scotland"]
[WhiteTeamCountry "NGR"]
[BlackTeamCountry "SCO"]

1. d4 e6 2. Nf3 d5 3. Bf4 Nf6 4. h3 Bd7 5. e3 h6 6. a3 c5 7. Nbd2 Nc6 8. c3 c4
9. Be2 Be7 10. O-O a6 11. Qc2 Nh5 12. Bh2 O-O 13. Ne5 Nf6 14. e4 Be8 15. f4
Nxe5 16. fxe5 Nh7 17. Rf2 f6 18. exf6 Bxf6 19. Raf1 Bg6 20. b3 b5 21. bxc4 bxc4
22. Bf3 Bg5 23. Re2 Nf6 24. Rfe1 Kh8 25. Be5 dxe4 26. Bxf6 Qxf6 27. Bxe4 Bxe4
28. Qxe4 Rab8 29. Nxc4 Bh4 30. Rd1 Bf2+ 31. Kh1 Bg3 32. Kg1 Bf2+ 33. Rxf2 Qxf2+
34. Kh1 Rbc8 35. Ne5 Kg8 36. Ng6 Rfe8 37. Rd3 Rb8 38. Rf3 Qd2 39. Kh2 Rb2 40.
Rd3 Qg5 41. Rg3 Qf6 42. Qc6 Rbb8 43. Qxa6 h5 44. Qa7 Ra8 45. Qc5 h4 46. Rg4
Rac8 47. Qh5 Rxc3 48. Rf4 Qxf4+ 49. Nxf4 Rf8 50. Nxe6 1-0

[Event "2021 FIDE Online Olympiad"]
[Site "Chess.com"]
[Date "2021.08.29"]
[Round "8.2"]
[White "Greet, Andrew N"]
[Black "Abdulrahman Mohammad, Al Taher"]
[Result "1-0"]
[WhiteElo "2434"]
[BlackElo "1412"]
[PlyCount "67"]
[EventDate "2021.08.27"]
[EventType "team"]
[EventRounds "9"]
[WhiteTeam "Scotland"]
[BlackTeam "United Arab Emirates"]
[WhiteTeamCountry "SCO"]
[BlackTeamCountry "UAE"]

1. e4 c5 2. Nc3 Nc6 3. Bb5 g6 4. Bxc6 dxc6 5. d3 Bg7 6. Nge2 e5 7. Be3 c4 8.
dxc4 Be6 9. Qxd8+ Rxd8 10. b3 b6 11. a4 Nf6 12. f3 O-O 13. Kf2 Nd7 14. Rhd1 f5
15. Bg5 Nf6 16. Rxd8 Rxd8 17. a5 Rf8 18. axb6 axb6 19. Ke1 Rb8 20. Ra6 Nd7 21.
Be3 Bf8 22. Na4 b5 23. cxb5 cxb5 24. Nb2 Bb4+ 25. Bd2 Nc5 26. Rc6 Ba3 27. b4
Bxb2 28. bxc5 Bc4 29. Bc3 Bxc3+ 30. Nxc3 b4 31. Nd5 f4 32. Rb6 Rd8 33. c6 Bxd5
34. exd5 1-0

[Event "2021 FIDE Online Olympiad"]
[Site "Chess.com"]
[Date "2021.08.29"]
[Round "8.3"]
[White "Latifah, Darmaki"]
[Black "Arakhamia-Grant, Ketevan"]
[Result "0-1"]
[WhiteElo "1299"]
[BlackElo "2282"]
[PlyCount "62"]
[EventDate "2021.08.27"]
[EventType "team"]
[EventRounds "9"]
[WhiteTeam "United Arab Emirates"]
[BlackTeam "Scotland"]
[WhiteTeamCountry "UAE"]
[BlackTeamCountry "SCO"]

1. e4 c5 2. Nf3 Nc6 3. c3 d5 4. exd5 Qxd5 5. d4 Nf6 6. Be2 e6 7. O-O Be7 8. h3
O-O 9. Be3 b6 10. Na3 Bb7 11. Qd2 cxd4 12. cxd4 Bxa3 13. bxa3 Rac8 14. Rac1 Na5
15. Rfd1 Nc4 16. Bxc4 Rxc4 17. Rxc4 Qxc4 18. Ne5 Qd5 19. f3 Qb5 20. Qb4 Qe2 21.
Qd2 Qxd2 22. Bxd2 Rd8 23. Bg5 h6 24. Bxf6 gxf6 25. Ng4 Kg7 26. Kf2 Rc8 27. Rd2
Rc3 28. Ne3 Rxa3 29. Nc4 Ra4 30. Ne3 f5 31. d5 f4 0-1

[Event "2021 FIDE Online Olympiad"]
[Site "Chess.com"]
[Date "2021.08.29"]
[Round "8.4"]
[White "Cooke, Suzie G."]
[Black "Anoud, Eisa Bashkardi"]
[Result "1-0"]
[WhiteElo "1915"]
[BlackElo "1000"]
[PlyCount "89"]
[EventDate "2021.08.27"]
[EventType "team"]
[EventRounds "9"]
[WhiteTeam "Scotland"]
[BlackTeam "United Arab Emirates"]
[WhiteTeamCountry "SCO"]
[BlackTeamCountry "UAE"]

1. d4 Nf6 2. Bf4 e6 3. Nd2 b6 4. e4 Bb7 5. Bd3 Be7 6. Ngf3 d6 7. c3 Nbd7 8. Qe2
c5 9. O-O O-O 10. Rfe1 Re8 11. Nc4 Nf8 12. e5 Nd5 13. Bg3 dxe5 14. Ncxe5 Nd7
15. Bb5 N5f6 16. Nxd7 Nxd7 17. Ne5 Nxe5 18. Bxe8 Qxe8 19. Bxe5 Qc6 20. Qg4 g6
21. f3 Qb5 22. Rab1 Qa4 23. a3 Qc6 24. h4 Kf8 25. Qf4 Ba6 26. Qh6+ Ke8 27. Qxh7
Kd7 28. Qxf7 Rf8 29. Qxg6 Qb7 30. Bg7 Rg8 31. Qxe6+ Kc7 32. Qxe7+ Kb8 33. Be5+
Ka8 34. Qxb7+ Bxb7 35. Kf2 Rc8 36. dxc5 Rxc5 37. Bd4 Rc8 38. Re7 Bd5 39. Rbe1
Bc6 40. Rg7 Kb8 41. Ree7 Bb5 42. Be5+ Rc7 43. Rxc7 Ka8 44. Rg8+ Be8 45. Rxe8#
1-0

[Event "2021 FIDE Online Olympiad"]
[Site "Chess.com"]
[Date "2021.08.29"]
[Round "8.5"]
[White "Al Darmaky, Sultan"]
[Black "Sanger, Jake M"]
[Result "1/2-1/2"]
[WhiteElo "1588"]
[BlackElo "1640"]
[PlyCount "124"]
[EventDate "2021.08.27"]
[EventType "team"]
[EventRounds "9"]
[WhiteTeam "United Arab Emirates"]
[BlackTeam "Scotland"]
[WhiteTeamCountry "UAE"]
[BlackTeamCountry "SCO"]

1. d4 Nf6 2. c4 g6 3. Nc3 d5 4. cxd5 Nxd5 5. e4 Nxc3 6. bxc3 Bg7 7. Nf3 c5 8.
h3 Nc6 9. Be3 Qa5 10. Qd2 O-O 11. Rb1 a6 12. Rc1 cxd4 13. cxd4 Qxd2+ 14. Kxd2
Rd8 15. d5 e6 16. Bb6 Rd7 17. Bc4 Ne7 18. Rhe1 Bh6+ 19. Be3 Bxe3+ 20. Rxe3 b5
21. Bb3 Kf8 22. Rd3 exd5 23. exd5 Bb7 24. Ne5 Rd6 25. Rc7 Bxd5 26. Bxd5 Rxd5
27. Rxd5 Nxd5 28. Rxf7+ Kg8 29. Rd7 Nf6 30. Rb7 Rd8+ 31. Ke3 Re8 32. f4 Nd5+
33. Kf3 g5 34. g3 gxf4 35. gxf4 Rf8 36. Ke4 Nf6+ 37. Ke3 Nd5+ 38. Ke4 Nxf4 39.
Ng4 Ne6 40. Nh6+ Kh8 41. Ke5 Ng5 42. Ra7 Nxh3 43. Rxa6 Ng5 44. Rb6 Nf7+ 45.
Nxf7+ Rxf7 46. Rxb5 Ra7 47. Rb2 Kg7 48. Kf5 Ra5+ 49. Kg4 Ra6 50. Rc2 Kg6 51.
Rb2 h5+ 52. Kh4 Ra4+ 53. Kg3 Rg4+ 54. Kh3 Ra4 55. Rb6+ Kf5 56. Rb5+ Kg6 57.
Rb6+ Kf7 58. Rb7+ Kf6 59. Rb6+ Kg5 60. Rb5+ Kf4 61. Rxh5 Rxa2 62. Rh8 Kf3
1/2-1/2

[Event "2021 FIDE Online Olympiad"]
[Site "Chess.com"]
[Date "2021.08.29"]
[Round "9.1"]
[White "Greet, Andrew N"]
[Black "Silva, David"]
[Result "1/2-1/2"]
[WhiteElo "2434"]
[BlackElo "2321"]
[PlyCount "143"]
[EventDate "2021.08.27"]
[EventType "team"]
[EventRounds "9"]
[WhiteTeam "Scotland"]
[BlackTeam "Angola"]
[WhiteTeamCountry "SCO"]
[BlackTeamCountry "ANG"]

1. e4 c5 2. Nc3 Nc6 3. Bb5 g6 4. Bxc6 bxc6 5. d3 Bg7 6. Nge2 d6 7. O-O Nf6 8.
b3 O-O 9. f4 Ne8 10. f5 d5 11. Bb2 c4 12. dxc4 Qb6+ 13. Kh1 dxe4 14. Ng3 Qa5
15. fxg6 hxg6 16. Na4 Bxb2 17. Nxb2 f5 18. Qc1 Qc3 19. Na4 Qg7 20. Nc5 Nd6 21.
Qg5 Rf6 22. Rad1 Nf7 23. Qe3 Rd6 24. Kg1 Qe5 25. Ne2 g5 26. g3 Qg7 27. Nd4 Qe5
28. Ne2 Qg7 29. Nd4 Nh6 30. Nde6 Bxe6 31. Rxd6 Ng4 32. Qc1 exd6 33. Nxe6 Qh6
34. Qxg5+ Qxg5 35. Nxg5 Ne3 36. Rf2 d5 37. cxd5 cxd5 38. Ne6 Kf7 39. Nd4 Kg6
40. Re2 Nd1 41. Kf1 Rh8 42. a4 Nc3 43. Rf2 e3 44. Rg2 Kf6 45. Ne2 Ne4 46. Nf4
d4 47. Ke2 Nf2 48. Nd3 Rc8 49. Nxf2 Rxc2+ 50. Kf3 exf2 51. Rxf2 Rc3+ 52. Kf4
Rxb3 53. Rc2 d3 54. Rc6+ Ke7 55. Ke3 Rb2 56. Kxd3 Rxh2 57. Ke3 Rg2 58. Kf3 Ra2
59. Ra6 Kf7 60. Rxa7+ Kf6 61. Ra8 Ke5 62. Ra5+ Kf6 63. Kf4 Rf2+ 64. Ke3 Ra2 65.
Ra8 Kg5 66. Kf3 Ra3+ 67. Kg2 Ra2+ 68. Kh3 Ra3 69. Rg8+ Kh6 70. Ra8 f4 71. Kg2
Rxg3+ 72. Kf2 1/2-1/2

[Event "2021 FIDE Online Olympiad"]
[Site "Chess.com"]
[Date "2021.08.29"]
[Round "9.2"]
[White "Miguel, Sergio"]
[Black "Abdulla, Murad"]
[Result "1-0"]
[WhiteElo "2179"]
[BlackElo "2167"]
[PlyCount "69"]
[EventDate "2021.08.27"]
[EventType "team"]
[EventRounds "9"]
[WhiteTeam "Angola"]
[BlackTeam "Scotland"]
[WhiteTeamCountry "ANG"]
[BlackTeamCountry "SCO"]

1. e4 c5 2. Nf3 d6 3. d4 cxd4 4. Nxd4 Nf6 5. Nc3 g6 6. Be3 Bg7 7. f3 O-O 8. Qd2
Nc6 9. Bc4 Nxd4 10. Bxd4 Be6 11. Bb3 Qa5 12. O-O Rac8 13. Rad1 Rfd8 14. Qe3 Bc4
15. Bxc4 Rxc4 16. Bxa7 Nd7 17. Bd4 e5 18. Ba7 b6 19. Rxd6 Qxa7 20. Rfd1 Bf8 21.
Qg5 Rcc8 22. R6d5 Qc7 23. Nb5 Qxc2 24. Nd6 Bxd6 25. Rxd6 f6 26. Qg4 Qc5+ 27.
Kf1 Qc4+ 28. Kf2 Qc5+ 29. Kg3 Rc7 30. Qe6+ Kg7 31. Qe7+ Kh6 32. Qxd8 f5 33.
Qh4+ Kg7 34. Rxd7+ Rxd7 35. Rxd7+ 1-0

[Event "2021 FIDE Online Olympiad"]
[Site "Chess.com"]
[Date "2021.08.29"]
[Round "9.3"]
[White "Cooke, Suzie G."]
[Black "Junior, Ednasia"]
[Result "0-1"]
[WhiteElo "1915"]
[BlackElo "1768"]
[PlyCount "134"]
[EventDate "2021.08.27"]
[EventType "team"]
[EventRounds "9"]
[WhiteTeam "Scotland"]
[BlackTeam "Angola"]
[WhiteTeamCountry "SCO"]
[BlackTeamCountry "ANG"]

1. d4 Nf6 2. Bf4 g6 3. Nc3 Bg7 4. e4 d6 5. Nf3 O-O 6. h3 Nbd7 7. Qd2 c5 8. d5
a6 9. a4 Qa5 10. Be2 b5 11. O-O b4 12. Nd1 Nxe4 13. Qe3 f5 14. Ng5 Ndf6 15. Qd3
Nxg5 16. Bxg5 Bb7 17. Ne3 Qc7 18. a5 Ne4 19. Bf4 Bxb2 20. Bh6 Bxa1 21. Bxf8 Bc3
22. Bh6 Qxa5 23. Nc4 Qc7 24. Bf3 Nf6 25. Qe3 Bc8 26. Rd1 a5 27. Na3 Qb7 28. Nb5
Be5 29. c4 a4 30. Be2 a3 31. f4 Bb2 32. Nxa3 Rxa3 33. Qd2 Bc3 34. Qc2 Bd4+ 35.
Kh2 Bd7 36. Rb1 Qa7 37. Bd1 e5 38. fxe5 Bxe5+ 39. Kg1 Ba4 40. Qc1 Bxd1 41. Qxd1
Qa4 42. Qe1 Ra2 43. Bg5 Ne4 44. Be3 Qc2 45. Qf1 b3 46. Rc1 Qe2 47. Qxe2 Rxe2
48. Rb1 Ra2 49. Rxb3 Rc2 50. Bh6 g5 51. Rb8+ Kf7 52. Rb7+ Kg6 53. Bf8 Rxc4 54.
Rc7 Rd4 55. Re7 Rxd5 56. g4 Rd1+ 57. Kg2 Rd2+ 58. Kf3 Rd3+ 59. Ke2 Rxh3 60.
gxf5+ Kxf5 61. Rf7+ Kg4 62. Rd7 c4 63. Kd1 c3 64. Ra7 Kf3 65. Ra3 Ke3 66. Be7
Kd3 67. Bxd6 Rh1# 0-1

[Event "2021 FIDE Online Olympiad"]
[Site "Chess.com"]
[Date "2021.08.29"]
[Round "9.4"]
[White "Pires, Luzia"]
[Black "Lampard, Alice"]
[Result "1/2-1/2"]
[WhiteElo "1655"]
[BlackElo "1763"]
[PlyCount "74"]
[EventDate "2021.08.27"]
[EventType "team"]
[EventRounds "9"]
[WhiteTeam "Angola"]
[BlackTeam "Scotland"]
[WhiteTeamCountry "ANG"]
[BlackTeamCountry "SCO"]

1. Nf3 d5 2. d4 Nf6 3. g3 g6 4. Bg2 Bg7 5. O-O O-O 6. b3 Nbd7 7. Bb2 e6 8. Nbd2
c5 9. Rc1 b5 10. c4 bxc4 11. bxc4 Rb8 12. Ba1 cxd4 13. Bxd4 dxc4 14. Nxc4 a5
15. Qa4 Rb4 16. Qxa5 Qxa5 17. Nxa5 Ba6 18. Rfe1 Ra4 19. Nc6 Rxa2 20. Bf1 Nd5
21. Bxg7 Kxg7 22. Ra1 Rxa1 23. Rxa1 Bb7 24. Nce5 Nxe5 25. Nxe5 Ra8 26. Rxa8
Bxa8 27. Bg2 Nc7 28. Bxa8 Nxa8 29. Kg2 Kf6 30. Nd3 Nb6 31. f3 Nc4 32. e4 Ne5
33. Nc5 g5 34. h3 Ng6 35. Nd3 Ne5 36. Nc5 Ng6 37. Kf2 h5 1/2-1/2

[Event "2021 FIDE Online Olympiad"]
[Site "Chess.com"]
[Date "2021.08.29"]
[Round "9.5"]
[White "Gordon, Frederick"]
[Black "Prospero, Alexandre"]
[Result "1-0"]
[WhiteElo "1415"]
[BlackElo "1560"]
[PlyCount "101"]
[EventDate "2021.08.27"]
[EventType "team"]
[EventRounds "9"]
[WhiteTeam "Scotland"]
[BlackTeam "Angola"]
[WhiteTeamCountry "SCO"]
[BlackTeamCountry "ANG"]

1. e4 e6 2. Nf3 d5 3. Nc3 Nf6 4. e5 Nfd7 5. d4 c5 6. dxc5 Bxc5 7. Bd3 Nc6 8.
Bf4 Qb6 9. O-O Bb4 10. Ne2 Be7 11. Qc1 h6 12. c3 Qc7 13. Ned4 a6 14. Re1 g5 15.
Bg3 g4 16. Nxc6 bxc6 17. Nd4 c5 18. Nc2 h5 19. Ne3 Bg5 20. Qd1 h4 21. Qxg4 Bxe3
22. Rxe3 hxg3 23. Qxg3 Bb7 24. Qg7 Rf8 25. Rae1 O-O-O 26. Bf1 Nb6 27. Qg4 Rg8
28. Qd1 Nc4 29. R3e2 Rg7 30. b3 Nb6 31. Rd2 Nd7 32. Qe2 Kb8 33. f3 Nb6 34. a4
d4 35. cxd4 Rxd4 36. Rc2 Nd5 37. Rec1 c4 38. Rxc4 Rxc4 39. Rxc4 Qb6+ 40. Kh1
Qxb3 41. h3 Rg8 42. Rc2 Nf4 43. Qf2 Qb1 44. Kh2 Qa1 45. Rb2 Nd5 46. Bxa6 Qxa4
47. Bxb7 Nb4 48. Be4 Qa5 49. Qd4 Rd8 50. Qxb4+ Qxb4 51. Rxb4+ 1-0